Flagi (poziom średni) - Statystyki

Ogólne statystyki
  • Ten quiz został rozwiązany 68 razy
  • Średni wynik to 14 z 16
Statystyki odpowiedzi
Obrazkowy Odpowiedź % Poprawnych
Cypr
98%
Luksemburg
96%
Tunezja
96%
Jamajka
94%
Wenezuela
94%
Ekwador
91%
Kosowo
91%
Kostaryka
89%
Etiopia
87%
Malezja
87%
Paragwaj
87%
Syria
87%
WKS
83%
Kambodża
80%
ZEA
76%
Mali
72%
Nie znaleziono quizów pasujących do podanych kryteriów
Rozkład punktacji
Procent ludzi z każdym wynikiem
Percentyl według liczby udzielonych odpowiedzi
Twoja historia wyników
Nie rozwiązałeś tego quizu